<?xml version='1.0' encoding='UTF-8'?>
  <record xmlns="http://www.loc.gov/MARC21/slim">
    <leader>00000cam a22000007i 4500</leader>
    <controlfield tag="001">ocm65043950</controlfield>
    <controlfield tag="003">OCoLC</controlfield>
    <controlfield tag="005">20250816055247.8</controlfield>
    <controlfield tag="008">900403s1789    xxk           000 0 wel d</controlfield>
    <datafield tag="040" ind1=" " ind2=" ">
      <subfield code="a">NLGGC</subfield>
      <subfield code="b">dut</subfield>
      <subfield code="e">fobidrtb</subfield>
      <subfield code="c">NLGGC</subfield>
      <subfield code="d">QGJ</subfield>
      <subfield code="d">OCLCQ</subfield>
      <subfield code="d">OCLCA</subfield>
      <subfield code="d">OCLCL</subfield>
      <subfield code="d">OCLCQ</subfield>
      <subfield code="d">OCLCL</subfield>
      <subfield code="d">OCLCQ</subfield>
    </datafield>
    <datafield tag="029" ind1="0" ind2=" ">
      <subfield code="a">NLGGC</subfield>
      <subfield code="b">060912537</subfield>
    </datafield>
    <datafield tag="035" ind1=" " ind2=" ">
      <subfield code="a">(OCoLC)65043950</subfield>
    </datafield>
    <datafield tag="082" ind1="0" ind2="4">
      <subfield code="a">891.66</subfield>
      <subfield code="q">OCoLC</subfield>
      <subfield code="1">https://id.oclc.org/worldcat/ddc/E3BkCXMHPfhdbJmQkKkHjC7GwJ</subfield>
    </datafield>
    <datafield tag="100" ind1="0" ind2=" ">
      <subfield code="a">Dafydd,</subfield>
      <subfield code="c">ap Gwilym,</subfield>
      <subfield code="d">ca. 1320-ca. 1385.</subfield>
    </datafield>
    <datafield tag="245" ind1="1" ind2="0">
      <subfield code="a">Barddoniaeth /</subfield>
      <subfield code="c">[gan] Dafydd ab Gwilym ; o grynhoad Owen Jones a William Owen.</subfield>
    </datafield>
    <datafield tag="260" ind1=" " ind2=" ">
      <subfield code="a">Llundain :</subfield>
      <subfield code="b">Argraphwyd gan H. Baldwin ;</subfield>
      <subfield code="a">ac ar werth gan E. a T. Williams ;</subfield>
      <subfield code="a">J. Daniel, Caerfyrddin ;</subfield>
      <subfield code="a">Morris Davis, Bala ;</subfield>
      <subfield code="a">T. Sandford, Mwythig,</subfield>
      <subfield code="c">1789.</subfield>
    </datafield>
    <datafield tag="300" ind1=" " ind2=" ">
      <subfield code="a">XLIV, 548 p. ;</subfield>
      <subfield code="c">in-8 (20 cm)</subfield>
    </datafield>
    <datafield tag="336" ind1=" " ind2=" ">
      <subfield code="a">tekst</subfield>
      <subfield code="b">txt</subfield>
      <subfield code="2">rdacontent/dut</subfield>
    </datafield>
    <datafield tag="337" ind1=" " ind2=" ">
      <subfield code="a">zonder medium</subfield>
      <subfield code="b">n</subfield>
      <subfield code="2">rdamedia/dut</subfield>
    </datafield>
    <datafield tag="338" ind1=" " ind2=" ">
      <subfield code="a">band</subfield>
      <subfield code="b">nc</subfield>
      <subfield code="2">rdacarrier/dut</subfield>
    </datafield>
    <datafield tag="700" ind1="1" ind2=" ">
      <subfield code="a">Jones, Owen,</subfield>
      <subfield code="d">1741-1814.</subfield>
      <subfield code="1">https://id.oclc.org/worldcat/entity/E39PCjH4C7rQ4yWhQvBt37DVP3</subfield>
    </datafield>
    <datafield tag="700" ind1="1" ind2=" ">
      <subfield code="a">Owen, William,</subfield>
      <subfield code="d">1759-1835.</subfield>
      <subfield code="1">https://id.oclc.org/worldcat/entity/E39PBJvHcBvrrhPT9wHfmxPbBP</subfield>
    </datafield>
    <datafield tag="936" ind1=" " ind2=" ">
      <subfield code="a">BATCHLOAD</subfield>
    </datafield>
  </record>